书目信息 |
| 题名: |
哲学概论
|
|
| 作者: | 张天飞 , 童世骏 主编 | |
| 分册: | ||
| 出版信息: | 上海 华东师范大学出版社 1997 |
|
| 页数: | 266页 | |
| 开本: | 20cm | |
| 丛书名: | ||
| 单 册: | ||
| 中图分类: | B0 | |
| 科图分类: | ||
| 主题词: | 哲学理论 | |
| 电子资源: | ||
| ISBN: | 7-5617-1758-X | |
| 000 | 00599nam0 2200217 45 | |
| 001 | 0198014160 | |
| 005 | 20050322145848.2 | |
| 010 | @a7-5617-1758-X@dCNY14.00 | |
| 100 | @a19980309d1997 em y0chiy0121 ea | |
| 101 | 0 | @achi |
| 102 | @aCN@b310000 | |
| 105 | @ay z 000yy | |
| 200 | 10 | @a哲学概论@Azhe xue gai lun@f张天飞,童世骏主编@FZhang Tian Fei,Tong Shi Jun Zhu Bian |
| 210 | @a上海@c华东师范大学出版社@d1997 | |
| 215 | @a266页@d20cm | |
| 606 | @a哲学理论 | |
| 690 | @aB0@v4 | |
| 701 | 0 | @a张天飞@4主编 |
| 701 | 0 | @a童世骏@4主编 |
| 801 | @aCN@bTSTC@c20021029 | |
| 905 | @dB0@e136@f1@b282352 | |
| 哲学概论/张天飞,童世骏主编.-上海:华东师范大学出版社,1997 |
| 266页;20cm |
| ISBN 7-5617-1758-X:CNY14.00 |
| ● |
| 相关链接 |
|
|
|
|
正题名:哲学概论
索取号:B0/136
 
预约/预借
| 序号 | 登录号 | 条形码 | 馆藏地/架位号 | 状态 | 备注 |
| 1 | 0282349 | 002823494 | 密集书库/ [索取号:B0/136] | 在馆 | |
| 2 | 0282350 | 002823500 | 密集书库/ [索取号:B0/136] | 在馆 | |
| 3 | 0282351 | 002823519 | 第一借阅区/ [索取号:B0/136] | 在馆 | |
| 4 | 0282352 | 002823528 | 密集书库/ [索取号:B0/136] | 在馆 | |
| 5 | 0282353 | 002823537 | 第一样本阅览室/ [索取号:B0/136] | 在馆 | |
| 6 | 0316646 | 203166466 | 密集书库/ [索取号:B0/136] | 在馆 | |
| 7 | 0316647 | 203166475 | 密集书库/ [索取号:B0/136] | 在馆 | |
| 8 | 0316648 | 203166484 | 第一借阅区/ [索取号:B0/136] | 在馆 |